Dharmar samajtattwa/ (Record no. 11584)

MARC details
000 -LEADER
fixed length control field 00518nam a22001937a 4500
005 - DATE AND TIME OF LATEST TRANSACTION
control field 20230822145846.0
008 - FIXED-LENGTH DATA ELEMENTS--GENERAL INFORMATION
fixed length control field 230822b ||||| |||| 00| 0 eng d
020 ## - INTERNATIONAL STANDARD BOOK NUMBER
International Standard Book Number 9789382976912
040 ## - CATALOGING SOURCE
Original cataloging agency IN-DiNC
Transcribing agency IN-DiNC
041 ## - LANGUAGE CODE
Language code of sung or spoken text Assamese
082 ## - DEWEY DECIMAL CLASSIFICATION NUMBER
Classification number 306.6
Item number BOR
100 ## - MAIN ENTRY--PERSONAL NAME
Personal name Borah, Birinchi Kumar
Relator term Author
245 ## - TITLE STATEMENT
Title Dharmar samajtattwa/
Statement of responsibility, etc. by Birinchi Kumar Borah
250 ## - EDITION STATEMENT
Edition statement 2nd ed.
260 ## - PUBLICATION, DISTRIBUTION, ETC.
Place of publication, distribution, etc. Golaghat:
Name of publisher, distributor, etc. Saraswati prakashan,
Date of publication, distribution, etc. 2022.
300 ## - PHYSICAL DESCRIPTION
Extent 292p.
650 ## - SUBJECT ADDED ENTRY--TOPICAL TERM
Topical term or geographic name entry element Sociology of religion
942 ## - ADDED ENTRY ELEMENTS (KOHA)
Source of classification or shelving scheme Dewey Decimal Classification
Koha item type Books
Holdings
Withdrawn status Lost status Source of classification or shelving scheme Damaged status Not for loan Collection code Home library Current library Shelving location Date acquired Cost, normal purchase price Total Checkouts Full call number Barcode Date last seen Date last checked out Copy number Price effective from Koha item type
    Dewey Decimal Classification     Sociology Central Library, Naharkatiya College Central Library, Naharkatiya College General Stacks 22/08/2023 250.00 4 306.6 BOR 29596 05/12/2023 01/11/2023 1 22/08/2023 Books
    Dewey Decimal Classification     Sociology Central Library, Naharkatiya College Central Library, Naharkatiya College General Stacks 22/08/2023 250.00 7 306.6 BOR 29597 20/01/2026 15/12/2025 2 22/08/2023 Books
    Dewey Decimal Classification     Sociology Central Library, Naharkatiya College Central Library, Naharkatiya College General Stacks 22/08/2023 250.00 4 306.6 BOR 29598 24/01/2024 16/10/2023 3 22/08/2023 Books

Naharkatiya College © 2020. All rights reserved.

Powered By